| 000 | 00795nam a2200253 a 4500 | ||
|---|---|---|---|
| 001 | 42023 | ||
| 003 | BD-RjUL | ||
| 005 | 20211209053501.0 | ||
| 008 | 160608s1981 nyu b 001 0 eng | ||
| 020 | _a0029044707 (pbk.) | ||
| 035 | _a(BD-RjUL) 42141 | ||
| 040 |
_aDLC _cDLC _dDLC _dBD-RjUL _beng |
||
| 041 | _aeng | ||
| 082 | 0 | 0 |
_a327.11 _223 _bISS 1981 |
| 245 | 0 | 0 |
_aIssues in global politics / _cedited by Gavin Boyd and Charles Pentland. |
| 260 |
_aNew York ; _aLondon : _bFree Press ; _bcollier Macmillan, _cc1981. |
||
| 300 |
_ax, 399 p. ; _c24 cm. |
||
| 504 | _aIncludes bibliographical references and index. | ||
| 650 | 0 |
_aInternational relations. _9129194 |
|
| 700 | 1 |
_aBoyd, Gavin. _9129013 |
|
| 700 | 1 |
_aPentland, Charles. _9129195 |
|
| 942 |
_2ddc _cBK |
||
| 999 |
_c42023 _d42023 |
||